[Event "Oberliga Northwest 1995/96"]
[Site "masterchessopen.com - Germany"]
[Round "0"]
[White "Mensching Wilfried (GER)"]
[Black "Schwekendiek Ulrich (GER)"]
[Result "0-1"]
[WhiteElo "1885"]
[BlackElo "2315"]

1.c4 f5 2.g3 Nf6 3.Bg2 g6 4.Nf3 Bg7 5.O-O O-O 6.Nc3 d6 7.d4 c6 8.Qc2 Qc7 9.b3
a5 10.Bb2 Na6 11.Rad1 e5 12.dxe5 dxe5 13.Ba3 Nb4 14.Qd2 h6 15.Qd6 Qxd6 16.Rxd6
e4 17.Nh4 Kf7 18.Na4 g5 19.Nb6 Be6 20.Nxa8 Rxa8 21.Nxf5 Bxf5 22.f3 e3 23.g4
Bc2 24.f4 Ke7 25.c5 Ne8 26.Rg6 Bxg6 {#R} 0-1

[Event "It"]
[Site "masterchessopen.com - Hajduboszormeny (Hungary)"]
[Round "2"]
[White "Lembak Jurij (UKR)"]
[Black "Marasescu Ioan (ROM)"]
[Result "0-1"]
[WhiteElo "2245"]
[BlackElo "2335"]

1.d4 f5 2.g3 Nf6 3.Bg2 g6 4.Nf3 Bg7 5.O-O O-O 6.c4 d6 7.Nc3 c6 8.b3 a5 9.Bb2
Na6 10.Re1 Ne4 11.Nxe4 fxe4 12.Nd2 d5 13.cxd5 cxd5 14.f3 exf3 15.Nxf3 Nb4
16.a3 Nc6 17.Ne5 Be6 18.Qd3 Qb6 19.e3 Rad8 20.Nxc6 bxc6 21.b4 axb4 22.axb4
Qxb4 23.Ba3 Qb7 24.Bc5 Ra8 25.Rxa8 Rxa8 26.e4 Qb2 27.Rb1 Ra1 28.Rxa1 Qxa1+
29.Kf2 Qb2+ 30.Kg1 Qc1+ 31.Kf2 dxe4 {#R} 0-1

[Event "Cup Russia (open)"]
[Site "masterchessopen.com - Omsk (Russia)"]
[Round "2"]
[White "Volkov Sergey Viktorovich (RUS)"]
[Black "Kislova Valentina (RUS)"]
[Result "1-0"]
[WhiteElo "2485"]
[BlackElo "2058"]

1.d4 g6 2.c4 Bg7 3.Nc3 f5 4.g3 Nf6 5.Bg2 O-O 6.Nf3 c6 7.O-O d6 8.Qc2 Na6 9.Bg5
Qe8 10.Rad1 Bd7 11.Rfe1 Qf7 12.b3 Rae8 13.Bc1 h6 14.Bb2 Kh7 15.Rd2 Nb4 16.Qb1
Ne4 17.Nxe4 fxe4 18.Qxe4 Bf5 19.Qh4 Kg8 20.g4 Be4 21.a3 Na6 22.Qg3 d5 23.Rc1
g5 24.Ne1 Bg6 25.cxd5 cxd5 26.Nd3 Rc8 27.Rxc8 Rxc8 28.Ne5 Bxe5 29.Qxe5 e6
30.e4 dxe4 31.d5 {#r} 1-0

[Event "It (open)"]
[Site "masterchessopen.com - Polanica Zdroj (Poland)"]
[Round "6"]
[White "Burstein Roman (LTU)"]
[Black "Hnydiuk Aleksander (POL)"]
[Result "0-1"]
[WhiteElo "2205"]
[BlackElo "2280"]

1.c4 f5 2.g3 Nf6 3.Bg2 g6 4.Nf3 Bg7 5.O-O O-O 6.d4 d6 7.Nc3 c6 8.d5 Qe8 9.Qc2
Na6 10.Rb1 e5 11.dxe6 Bxe6 12.b3 Ne4 13.Nxe4 fxe4 14.Ng5 Bf5 15.Bxe4 Nb4 {#R}
0-1

[Event "It (cat.7)"]
[Site "masterchessopen.com - Rosario (Argentina)"]
[Round "7"]
[White "Perez Cascella Julio (ARG)"]
[Black "Rodriguez Andres (URU)"]
[Result "0-1"]
[WhiteElo "2230"]
[BlackElo "2565"]

1.c4 f5 2.Nf3 Nf6 3.g3 d6 4.d4 g6 5.Bg2 Bg7 6.O-O O-O 7.Nc3 c6 8.Qc2 Na6 9.a3
Kh8 10.b3 Qe8 11.Bb2 e5 12.d5 c5 13.Nb5 Bd7 14.Ng5 Bxb5 15.cxb5 Nc7 16.Qc4 Rd8
17.h4 h6 18.Nh3 Nh7 19.e4 f4 20.Rfe1 f3 21.Bh1 g5 22.hxg5 hxg5 23.g4 Qd7 {#R}
0-1

[Event "Ch Region"]
[Site "masterchessopen.com - Ruhrgebiet (Germany)"]
[Round "0"]
[White "Nowicki"]
[Black "Strozewski Frank (GER)"]
[Result "0-1"]
[WhiteElo "2005"]
[BlackElo "2046"]

1.Nf3 d6 2.g3 f5 3.d4 g6 4.c4 Nf6 5.Nc3 c6 6.Bg2 Bg7 7.O-O O-O 8.Qc2 Nh5 9.e4
f4 10.e5 dxe5 11.dxe5 Qc7 12.Re1 Bg4 13.Qe4 Bf5 14.Qe2 Bg4 15.Qe4 Nd7 16.gxf4
Nc5 17.Qe3 Nxf4 18.Qxc5 Nxg2 19.Nd5 Nxe1 20.Nxc7 Nxf3+ 21.Kg2 Rac8 22.h3 Ne1+
23.Kg1 Bxh3 24.Kh2 Nd3 25.Qe3 Nxf2 26.Kg3 Rxc7 27.Bd2 Rd7 28.Kh4 Rd3 29.Qe1
Rf5 30.Be3 Bxe5 {#R} 0-1

[Event "It (open)"]
[Site "masterchessopen.com - Stary Smokovec (Slovakia)"]
[Round "0"]
[White "Rzeszoto Rastislav (SVK)"]
[Black "Ruckschloss Karol (SVK)"]
[Result "0-1"]
[WhiteElo "1905"]
[BlackElo "2235"]

1.d4 f5 2.g3 Nf6 3.Bg2 g6 4.Nf3 Bg7 5.O-O O-O 6.c4 c6 7.Nc3 d6 8.b3 Qa5 9.Bb2
e5 10.d5 cxd5 11.Nxd5 Nc6 12.Bc3 Qd8 13.b4 Ne4 14.Bb2 Be6 15.a3 Rc8 16.Nd2 Nf6
17.e4 Qd7 18.Rc1 Nd4 19.Bxd4 exd4 20.Nb3 Nxe4 21.Nxd4 Bxd5 22.Nxf5 Qxf5
23.Qxd5+ Qxd5 24.cxd5 Nc3 {#R} 0-1

[Event "Ch Czech Republic (juniors) (under 14)"]
[Site "masterchessopen.com - Svetla nad Sazavou (Czech Republic)"]
[Round "0"]
[White "Jirka Jiri (CZE)"]
[Black "Strejc Josef (CZE)"]
[Result "1-0"]
[WhiteElo "2415"]
[BlackElo "2146"]

1.Nf3 f5 2.g3 d6 3.d4 Nf6 4.Bg2 g6 5.O-O Bg7 6.c4 O-O 7.Nc3 c6 8.Rb1 a5 9.d5
Bd7 10.b3 Na6 11.Bb2 Rc8 12.Nd4 Nc5 13.Re1 Rf7 14.e3 Qc7 15.Qe2 Re8 16.Rbd1 h6
17.h3 Nfe4 18.Nxe4 fxe4 19.Qc2 Nd3 20.Rxd3 exd3 21.Qxd3 g5 22.Ne6 Bxe6 23.dxe6
Rff8 24.Qg6 {#r} 1-0

[Event "Ch Czech Republic (juniors) (under 14)"]
[Site "masterchessopen.com - Svetla nad Sazavou (Czech Republic)"]
[Round "0"]
[White "Kovar Vojtech (CZE)"]
[Black "Strejc Josef (CZE)"]
[Result "1-0"]
[WhiteElo "2308"]
[BlackElo "2146"]

1.d4 f5 2.Nf3 Nf6 3.g3 g6 4.Bg2 Bg7 5.O-O O-O 6.c4 d6 7.Nc3 c6 8.Re1 Qe8 9.d5
Bd7 10.Qc2 Na6 11.Bg5 Qf7 12.Rad1 Rac8 13.Bxf6 Qxf6 14.e4 f4 15.e5 dxe5
16.Nxe5 Bf5 17.Qe2 fxg3 18.hxg3 Nb4 19.g4 Bc2 20.Nd7 Qf4 21.Nxf8 Bxd1 22.Qe6+
Kh8 23.Nxg6+ hxg6 24.Qxc8+ Kh7 25.Nxd1 Nd3 26.Rxe7 Qd2 27.Qd7 Qxd1+ 28.Kh2
{#r} 1-0

[Event "Cup Tel Aviv (active)"]
[Site "masterchessopen.com - Tel Aviv (Israel)"]
[Round "2"]
[White "Lev Ronen (ISR)"]
[Black "Golod Vitali (ISR)"]
[Result "1-0"]
[WhiteElo "2465"]
[BlackElo "2540"]

1.d4 d6 2.Nf3 f5 3.g3 Nf6 4.Bg2 g6 5.O-O Bg7 6.c4 O-O 7.Nc3 c6 8.Re1 Nh5 9.d5
e5 10.dxe6 Bxe6 11.e4 f4 12.e5 fxg3 13.hxg3 dxe5 14.Qxd8 Rxd8 15.Bg5 Re8
16.Nxe5 Nd7 17.Nxd7 Bxd7 18.Ne4 b6 19.Rad1 Bg4 20.Nd6 Bxd1 21.Nxe8 Bxb2
22.Bxc6 Rc8 23.Bd5+ Kf8 24.Nd6 Bg4 25.Nxc8 Bxc8 26.Re7 a5 27.Rf7+ Ke8 28.Rxh7
Bg7 29.Be3 {#r} 1-0

[Event "It (open)"]
[Site "masterchessopen.com - Terrasa (Spain)"]
[Round "9"]
[White "Alcala Valiente Juan C (ESP)"]
[Black "Gual Pascual Antonio (ESP)"]
[Result "0-1"]
[WhiteElo "2133"]
[BlackElo "2430"]

1.d4 f5 2.c4 Nf6 3.g3 g6 4.Bg2 Bg7 5.Nf3 d6 6.O-O O-O 7.Nc3 c6 8.d5 Bd7 9.Rb1
Na6 10.b3 Nc5 11.Nd4 Nfe4 12.Nxe4 Nxe4 13.Bb2 cxd5 14.cxd5 Qa5 15.Nc2 Nc3
16.Qe1 Rac8 17.a3 Qc7 18.Bxc3 Qxc3 19.Nb4 a5 20.Nd3 Qxe1 21.Rfxe1 Rc3 22.a4 b5
23.axb5 Rb8 24.Rec1 Rxb5 25.Nf4 Rbxb3 26.Ne6 a4 {#R} 0-1

[Event "It (open)"]
[Site "masterchessopen.com - Travemunde (Germany)"]
[Round "0"]
[White "Chuchelov Vladimir (BEL)"]
[Black "Schumacher Olaf (GER)"]
[Result "1-0"]
[WhiteElo "2490"]
[BlackElo "2315"]

1.d4 f5 2.g3 Nf6 3.Bg2 g6 4.Nf3 d6 5.O-O Bg7 6.c4 O-O 7.Nc3 c6 8.d5 Na6 9.dxc6
bxc6 10.Nd4 Bd7 11.Nxc6 Bxc6 12.Bxc6 Rb8 13.b3 Nb4 14.Bg2 Ne4 15.Bxe4 fxe4
16.Bb2 Qd7 17.Qd2 Qg4 18.Rab1 Rf5 19.Qe3 Bxc3 20.Qxc3 e5 21.f3 Qh3 22.fxe4 Rh5
23.Rf2 Kg7 24.Rbf1 Nxa2 25.Qe3 Rb7 26.Ra1 Nb4 27.Rxa7 Qd7 28.Qf3 h6 29.Rxb7
Qxb7 30.Qf8+ {#r} 1-0

[Event "It (open) (active)"]
[Site "masterchessopen.com - Uebach (Germany)"]
[Round "7"]
[White "Izsak Gyula (HUN)"]
[Black "Stephan Matthias (GER)"]
[Result "1-0"]
[WhiteElo "2440"]
[BlackElo "2214"]

1.d4 d6 2.Nf3 g6 3.g3 f5 4.Bg2 Nf6 5.c4 Bg7 6.O-O O-O 7.Nc3 c6 8.d5 e5 9.dxe6
Bxe6 10.Bf4 Bxc4 11.Bxd6 Re8 12.Rc1 Kh8 13.Re1 Nbd7 14.Qc2 Bg8 15.Rcd1 Qc8
16.b3 Nb6 17.h4 Nbd5 18.Nxd5 Nxd5 19.h5 Qd8 20.Bc5 Qa5 21.hxg6 hxg6 22.Nh4 Bf7
23.Bxd5 cxd5 24.b4 Qa3 25.Nf3 b6 26.Ng5 bxc5 27.Nxf7+ Kg8 28.Nd6 Qxb4 29.Nxe8
Rxe8 30.Rb1 Qc3 31.Qa4 Re7 32.Qc6 {#r} 1-0

[Event "It \"]
[Site "masterchessopen.com - USA"]
[Round "4"]
[White "Zamora Jorge (USA)"]
[Black "Yedidia Jonathan (USA)"]
[Result "0-1"]
[WhiteElo "2410"]
[BlackElo "2445"]

1.Nf3 f5 2.g3 Nf6 3.Bg2 d6 4.d4 g6 5.O-O Bg7 6.c4 O-O 7.Nc3 c6 8.b3 Na6 9.Bb2
Qe8 10.d5 Bd7 11.Nd4 Nc7 12.Qd2 Rb8 13.dxc6 bxc6 14.Rad1 Na6 15.e3 Nc5 16.Qe2
Nce4 17.h3 g5 18.Nxe4 fxe4 19.g4 Qg6 20.f4 h5 21.fxg5 Qxg5 22.Nf5 hxg4 23.h4
Qh5 24.Nxe7+ Kf7 25.Nxc6 Bxc6 26.Bxf6 Bxf6 27.Rxd6 Ke7 28.Rxc6 Be5 29.Rxf8
Rxf8 30.Qe1 Bd6 31.c5 Bb8 32.Qb4 Bh2+ {#R} 0-1

[Event "Olympiad"]
[Site "masterchessopen.com - Yerevan (Armenia)"]
[Round "9"]
[White "Sturua Zurab (GEO)"]
[Black "Garcia Ilundain David (ESP)"]
[Result "0-1"]
[WhiteElo "2560"]
[BlackElo "2520"]

1.Nf3 f5 2.g3 Nf6 3.Bg2 d6 4.d4 g6 5.c4 Bg7 6.Nc3 O-O 7.O-O c6 8.b3 Na6 9.Bb2
Bd7 10.e3 Re8 11.d5 e5 12.dxe6 Bxe6 13.Qc2 Qe7 14.Rad1 Rad8 15.Rd2 d5 16.cxd5
Nb4 17.Qb1 Nbxd5 18.Nxd5 Bxd5 19.Rfd1 Be4 20.Qc1 Rxd2 21.Rxd2 Nd5 22.Bxg7 Qxg7
23.Rd4 Qe7 24.Qd2 Rd8 25.Nh4 c5 26.Bxe4 cxd4 27.Bxd5+ Rxd5 28.Nf3 d3 29.Nd4
Rxd4 30.exd4 Qe2 {#R} 0-1

[Event "Verbandsliga Baden South 1995/96"]
[Site "masterchessopen.com - Germany"]
[Date "1996.03.24"]
[Round "8"]
[White "Klumpp Jochen (GER)"]
[Black "Gerczuk Michael (GER)"]
[Result "0-1"]
[WhiteElo "2089"]
[BlackElo "2115"]

1.d4 f5 2.c4 Nf6 3.g3 g6 4.Bg2 Bg7 5.Nf3 O-O 6.O-O d6 7.Nc3 c6 8.b3 Ne4 9.Bb2
Nxc3 10.Bxc3 Nd7 11.Qc2 e5 12.dxe5 dxe5 13.e4 f4 14.Rad1 Qe7 15.Qd3 g5 16.gxf4
exf4 17.Bxg7 Qxg7 18.Rfe1 g4 19.Nh4 Ne5 20.Qd4 Qg5 21.Kh1 g3 22.fxg3 fxg3
23.hxg3 Qxg3 24.Nf5 Bxf5 25.exf5 Rxf5 26.Re3 Rh5+ 27.Kg1 Qh2+ 28.Kf1 Rf5+
29.Ke1 Qxg2 {#R} 0-1

[Event "It (open)"]
[Site "masterchessopen.com - Bad Zwesten (Germany)"]
[Round "2"]
[White "Hoffmann Ulrich (GER)"]
[Black "Park Heiko (GER)"]
[Result "1-0"]
[WhiteElo "2121"]
[BlackElo "1990"]

1.Nf3 f5 2.c4 Nf6 3.g3 g6 4.Bg2 Bg7 5.O-O O-O 6.d4 d6 7.Nc3 c6 8.d5 c5 9.h3
Na6 10.e4 Nxe4 11.Nxe4 fxe4 12.Ng5 h6 13.Ne6 Bxe6 14.dxe6 Rb8 15.Bxe4 Rf6
16.Bd2 Nc7 17.Bc3 Rf8 18.Qg4 Rf6 19.Bxf6 exf6 20.Bxg6 Qe7 21.Bf7+ Kh8 22.Qf5
b5 23.b3 Rb6 24.Rfe1 Na6 25.Re4 Nb4 26.Rg4 Nc6 27.Rxg7 {#r} 1-0

[Event "Ch Berlin"]
[Site "masterchessopen.com - Berlin (Germany)"]
[Round "5"]
[White "Gebigke Martin (GER)"]
[Black "Falz Roman"]
[Result "1-0"]
[WhiteElo "2191"]
[BlackElo "2013"]

1.d4 f5 2.g3 Nf6 3.Bg2 g6 4.Nf3 Bg7 5.O-O O-O 6.c4 d6 7.Nc3 c6 8.d5 e5 9.dxe6
Bxe6 10.b3 Kh8 11.Bb2 Na6 12.Nd4 Bg8 13.e3 Qc7 14.Rc1 Nc5 15.Qc2 a5 16.Rfd1
Rad8 17.Ba3 Ncd7 18.Nxf5 {#r} 1-0

[Event "It (open)"]
[Site "masterchessopen.com - Biel (Switzerland)"]
[Round "11"]
[White "Mittelman Gur (ISR)"]
[Black "Buchal Stephan (GER)"]
[Result "1-0"]
[WhiteElo "2415"]
[BlackElo "2280"]

1.d4 g6 2.Nf3 Bg7 3.c4 f5 4.g3 Nf6 5.Bg2 O-O 6.O-O d6 7.Nc3 c6 8.d5 Bd7 9.Rb1
Na6 10.Nd4 Qb6 11.Be3 c5 12.Nc2 Qd8 13.Qd2 Nc7 14.a4 Ng4 15.Bf4 Ne5 16.b3 Ne8
17.Bh6 Bxh6 18.Qxh6 Nf6 19.Qd2 Qa5 20.f4 Nf7 21.Qd3 a6 22.Ra1 Rae8 23.Rfe1 Qc7
24.e4 e5 25.dxe6 Rxe6 26.Ne3 fxe4 27.Nxe4 Nxe4 28.Nd5 Qa5 29.Rxe4 Rfe8 30.Rxe6
Rxe6 31.Rf1 Kg7 32.Bh3 {#r} 1-0

[Event "Ch World (juniors) (under 12) (g)"]
[Site "masterchessopen.com - Cannes (France)"]
[Round "7"]
[White "Chistiakova Tamara (RUS)"]
[Black "Lujan Carolina (ARG)"]
[Result "1-0"]
[WhiteElo "2366"]
[BlackElo "2350"]

1.d4 f5 2.Nf3 Nf6 3.g3 g6 4.Bg2 Bg7 5.O-O O-O 6.c4 d6 7.Nc3 c6 8.b3 Qa5 9.Bb2
e5 10.dxe5 dxe5 11.e4 fxe4 12.Ng5 e3 13.fxe3 Qc5 14.Qc1 Ng4 15.Rxf8+ Bxf8
16.Nce4 Qxe3+ 17.Qxe3 Nxe3 18.Nf6+ Kg7 19.Ne8+ Kg8 20.Nc7 Nxg2 21.Kxg2 Bd6
22.Nxa8 b6 23.Ne4 {#r} 1-0

[Event "It (open)"]
[Site "masterchessopen.com - Eger (Hungary)"]
[Round "5"]
[White "Reiss Attila (HUN)"]
[Black "Vanyo Jozsef (HUN)"]
[Result "1-0"]
[WhiteElo "2206"]
[BlackElo "1800"]

1.c4 f5 2.g3 Nf6 3.Bg2 g6 4.Nc3 c6 5.Nf3 Bg7 6.O-O O-O 7.d4 d6 8.Rb1 e5 9.Bg5
h6 10.Bxf6 Qxf6 11.Nd2 Nd7 12.Na4 Qe7 13.b4 Nf6 14.Nc3 Be6 15.b5 Qc7 16.bxc6
Bc8 17.cxb7 {#r} 1-0

[Event "It (cat.10)"]
[Site "masterchessopen.com - Elgoibar (Spain)"]
[Round "1"]
[White "Lima Darcy (BRA)"]
[Black "Vallejo Pons Francisco (ESP)"]
[Result "0-1"]
[WhiteElo "2475"]
[BlackElo "2415"]

1.d4 f5 2.g3 Nf6 3.Bg2 g6 4.Nf3 Bg7 5.O-O O-O 6.c4 d6 7.Nc3 c6 8.d5 e5 9.b4 e4
10.Nd4 a5 11.dxc6 Nxc6 12.Nxc6 bxc6 13.b5 Be6 14.Ba3 Rc8 15.Rc1 Rc7 16.bxc6
Rxc6 17.c5 Nd7 18.Na4 d5 19.Qd2 f4 20.gxf4 Qh4 21.Bb2 Bxb2 22.Qxb2 Qxf4 23.e3
Qg5 24.Kh1 Ne5 25.Rb1 Rfc8 26.Nb6 Rf8 27.Rbd1 Ng4 28.Kg1 Qh4 {#R} 0-1

[Event "Bayern Regionalliga Southeast"]
[Site "masterchessopen.com - Germany"]
[Round "5"]
[White "Deues Erik (GER)"]
[Black "Heiduczek Josef (GER)"]
[Result "0-1"]
[WhiteElo "2025"]
[BlackElo "2199"]

1.d4 d6 2.Nf3 f5 3.g3 Nf6 4.Bg2 g6 5.c4 Bg7 6.Nc3 O-O 7.O-O c6 8.Bg5 Nbd7 9.d5
e5 10.dxc6 bxc6 11.Qxd6 Qb6 12.Na4 Qa6 13.b3 e4 14.Nh4 Ne8 15.Qe6+ Kh8 16.Rad1
Ne5 17.Qe7 Nf7 18.Be3 Kg8 19.Nc5 Qa3 20.Bc1 Qxa2 21.Nd7 Bxd7 22.Rxd7 Nf6
23.Rb7 Rab8 24.f3 Qxe2 25.fxe4 Nxe4 26.Bxe4 Bd4+ {#R} 0-1

[Event "Ch Germany (seniors) (team)"]
[Site "masterchessopen.com - Germany"]
[Round "0"]
[White "Steglich Walter"]
[Black "Neubert Gerhard (GER)"]
[Result "1-0"]
[WhiteElo "1995"]
[BlackElo "1990"]

1.Nf3 f5 2.d4 Nf6 3.c4 g6 4.Nc3 Bg7 5.g3 O-O 6.Bg2 d6 7.O-O c6 8.Bg5 Nbd7
9.Qc2 Qc7 10.Rad1 e5 11.dxe5 dxe5 12.b4 Nb6 13.Bxf6 Bxf6 14.c5 Nd7 15.e4 Nb8
16.a4 Be6 17.exf5 Bxf5 18.Ne4 Qf7 19.Qe2 Qe7 20.Rd6 Bg7 21.b5 a6 22.b6 Nd7
23.Rfd1 Rad8 24.Nfg5 Nf6 25.Nxf6+ Bxf6 26.Qc4+ {#r} 1-0

[Event "Oberliga Northeast 1997/98"]
[Site "masterchessopen.com - Germany"]
[Round "0"]
[White "Kleeschaetzky Ralf (GER)"]
[Black "Schulz Volker (GER)"]
[Result "0-1"]
[WhiteElo "2265"]
[BlackElo "2169"]

1.Nf3 g6 2.c4 Bg7 3.d4 f5 4.Nc3 Nf6 5.g3 O-O 6.Bg2 d6 7.O-O c6 8.d5 e5 9.dxe6
Bxe6 10.Qd3 Nbd7 11.Ng5 Qe7 12.b3 Nc5 13.Qc2 Nfe4 14.Ngxe4 Nxe4 15.Bb2 d5
16.cxd5 cxd5 17.Qd3 Rfd8 18.Rac1 Rac8 19.Rc2 Qc5 20.Bxe4 fxe4 21.Qd1 e3 22.Rc1
exf2+ 23.Kg2 d4 24.Nb1 Qd5+ 25.Kxf2 Bh3 26.Rg1 Qe4 27.Qd3 Qe3+ {#R} 0-1

[Event "Oberliga Northwest 1996/97"]
[Site "masterchessopen.com - Germany"]
[Round "0"]
[White "Babula Vlastimil (CZE)"]
[Black "Schwekendiek Ulrich (GER)"]
[Result "1-0"]
[WhiteElo "2545"]
[BlackElo "2320"]

1.d4 f5 2.Nf3 Nf6 3.g3 g6 4.Bg2 Bg7 5.O-O O-O 6.c4 d6 7.Nc3 c6 8.d5 e5 9.dxe6
Bxe6 10.b3 Re8 11.Ng5 Na6 12.Rb1 Bc8 13.b4 Nc7 14.b5 d5 15.bxc6 bxc6 16.cxd5
Nfxd5 17.Nxd5 Nxd5 18.Qa4 Qd7 19.Rd1 h6 20.Rxd5 cxd5 21.Bxd5+ Kh8 22.Bc6 Qe7
23.Bxe8 hxg5 24.Bc6 {#r} 1-0

[Event "Oberliga Southwest1996/97"]
[Site "masterchessopen.com - Germany"]
[Round "0"]
[White "Schwing Hans-Elmar (GER)"]
[Black "Becking Stephan (GER)"]
[Result "1-0"]
[WhiteElo "2315"]
[BlackElo "2205"]

1.d4 f5 2.c4 Nf6 3.Nc3 g6 4.g3 Bg7 5.Bg2 d6 6.Nf3 O-O 7.O-O c6 8.b3 Qc7 9.Bb2
e5 10.dxe5 dxe5 11.e4 fxe4 12.Ng5 Bg4 13.Qe1 Na6 14.Ncxe4 Nxe4 15.Nxe4 Rad8
16.h3 Bf5 17.Qe2 h6 18.Rad1 Qe7 19.Rfe1 Nb4 20.a3 Na6 21.b4 Nc7 22.c5 Nb5
23.Qc4+ Be6 24.Qc2 Rxd1 25.Rxd1 Nd4 26.Bxd4 exd4 27.Nd6 Bf5 {#r} 1-0

[Event "It (open)"]
[Site "masterchessopen.com - Graz (Austria)"]
[Round "9"]
[White "Epishin Vladimir (GER)"]
[Black "Danner Georg (AUT)"]
[Result "1-0"]
[WhiteElo "2570"]
[BlackElo "2415"]

1.d4 f5 2.Nf3 g6 3.g3 Bg7 4.Bg2 Nf6 5.O-O O-O 6.c4 d6 7.Nc3 c6 8.Re1 Ne4 9.Qc2
Nxc3 10.bxc3 e5 11.dxe5 dxe5 12.e4 f4 13.Ba3 Rf7 14.Rad1 Rd7 15.gxf4 exf4
16.e5 Rxd1 17.Qxd1 Qe8 18.e6 Na6 19.Qb3 h6 20.e7 Bf6 21.Bd6 g5 22.c5+ Kg7
23.Nd4 Nb8 24.Ne6+ Bxe6 25.Qxe6 Nd7 26.Bh3 Bxc3 27.Rc1 Bb2 28.Rb1 {#r} 1-0

[Event "It (open)"]
[Site "masterchessopen.com - Greenhills (Philippines)"]
[Round "3"]
[White "Paciencia Enrique (SIN)"]
[Black "Garma Chito (PHI)"]
[Result "1-0"]
[WhiteElo "2402"]
[BlackElo "2400"]

1.d4 f5 2.c4 Nf6 3.Nc3 g6 4.g3 Bg7 5.Bg2 d6 6.Nf3 O-O 7.O-O c6 8.Qc2 Qc7 9.b3
a5 10.Bb2 Na6 11.Rad1 e5 12.dxe5 dxe5 13.e4 Nb4 14.Qe2 fxe4 15.Nxe4 Nxe4
16.Qxe4 Bf5 17.Qe3 Rae8 18.a3 Nc2 19.Qe2 Nd4 20.Nxd4 exd4 21.Qd2 c5 22.Rfe1
Qb6 23.Bd5+ Kh8 24.Rxe8 Rxe8 25.Re1 Rf8 26.Re7 Bc8 27.b4 axb4 28.axb4 Qxb4
29.Qe2 Bf5 30.Rxg7 {#r} 1-0

[Event "Ch Club"]
[Site "masterchessopen.com - Helsinki (Finland)"]
[Round "5"]
[White "Seppanen Asko (FIN)"]
[Black "Simola Tuomas (FIN)"]
[Result "1-0"]
[WhiteElo "2201"]
[BlackElo "2092"]

1.c4 f5 2.Nf3 Nf6 3.g3 g6 4.Nc3 Bg7 5.Bg2 O-O 6.O-O d6 7.d4 c6 8.Rb1 Bd7 9.b4
Na6 10.b5 Nc7 11.bxc6 bxc6 12.d5 c5 13.Bd2 Rb8 14.Qc2 Na6 15.a3 Rxb1 16.Rxb1
h6 17.Nh4 Kh7 18.e4 fxe4 19.Nxe4 Bf5 20.Nxf5 gxf5 21.Nxf6+ Rxf6 22.Rb7 Rf7
23.Bh3 {#r} 1-0

[Event "Ch Hungary (team) 1997/98"]
[Site "masterchessopen.com - Hungary"]
[Round "0"]
[White "Krizsany Laszlo (HUN)"]
[Black "Grunberg Mihai-Lucian (ROM)"]
[Result "1-0"]
[WhiteElo "2440"]
[BlackElo "2385"]

1.d4 f5 2.g3 Nf6 3.Bg2 g6 4.Nf3 Bg7 5.O-O O-O 6.c4 d6 7.Nc3 c6 8.d5 e5 9.dxe6
Bxe6 10.b3 Na6 11.Bb2 Qe7 12.Ng5 Bc8 13.Qd2 h6 14.Nh3 g5 15.f4 Ng4 16.e4 fxe4
17.Bxe4 Be6 18.Rae1 Qd7 19.fxg5 Rxf1+ 20.Rxf1 Nxh2 21.Kxh2 Bxh3 22.Rf2 hxg5
23.Nd5 Nc5 24.Bxg7 Qxg7 25.Nf6+ Kh8 26.Qxd6 Nxe4 27.Nxe4 Bd7 28.Nf6 Rf8 29.Kg1
Bh3 30.g4 Qh6 {#r} 1-0

[Event "It (open)"]
[Site "masterchessopen.com - Karl-Mala (Germany)"]
[Round "4"]
[White "Schwarz Arnd-Ruediger (GER)"]
[Black "Jugow Alexander (GER)"]
[Result "0-1"]
[WhiteElo "2141"]
[BlackElo "2230"]

1.Nf3 f5 2.d4 Nf6 3.c4 g6 4.g3 Bg7 5.Bg2 O-O 6.O-O d6 7.Nc3 c6 8.b3 Qc7 9.Qc2
Re8 10.Ba3 a5 11.Rac1 Na6 12.d5 Nb4 13.Qd2 e5 14.dxe6 Bxe6 15.Ng5 Ng4 16.Nd5
Bxd5 17.cxd5 c5 18.Ne6 Qf7 19.Nxg7 Kxg7 20.Bb2+ Nf6 21.a3 Na6 22.Rc4 h6 23.g4
b5 24.Rf4 Kh7 25.gxf5 g5 26.Rf3 b4 27.Rh3 Nh5 28.f6 Nf4 29.a4 Rxe2 30.Qxe2
Nxe2+ 31.Kh1 Re8 32.Re3 Nc3 {#R} 0-1

[Event "It (open) (b)"]
[Site "masterchessopen.com - Klatovy (Czech Republic)"]
[Round "0"]
[White "Kubik Jan (POL)"]
[Black "Boucek Vlastimil (CZE)"]
[Result "0-1"]
[WhiteElo "2252"]
[BlackElo "2080"]

1.c4 f5 2.Nc3 g6 3.g3 Nf6 4.Bg2 Bg7 5.Nf3 O-O 6.d4 d6 7.O-O c6 8.Qc2 Qe8 9.b3
e5 10.dxe5 dxe5 11.Ba3 Rf7 12.Bd6 Ng4 13.h3 Nh6 14.Rad1 e4 15.Nd4 Rd7 16.c5
Nf7 17.Bxb8 Rxb8 18.e3 Ne5 19.b4 Nd3 20.Qb3+ Qf7 21.Qa4 Bxd4 22.Qxa7 Be5 {#R}
0-1

[Event "Ch Russia (club) (1 liga)"]
[Site "masterchessopen.com - Orel (Russia)"]
[Round "7"]
[White "Usikov Oleg (RUS)"]
[Black "Rogovskoy Alexander (RUS)"]
[Result "0-1"]
[WhiteElo "2142"]
[BlackElo "2380"]

1.c4 f5 2.Nf3 Nf6 3.d4 g6 4.g3 Bg7 5.Bg2 O-O 6.O-O d6 7.Nc3 c6 8.Qc2 Na6 9.a3
Kh8 10.Re1 Nc7 11.e4 fxe4 12.Nxe4 Bf5 13.Nh4 Bxe4 14.Bxe4 Nxe4 15.Qxe4 d5
16.cxd5 Nxd5 17.Bg5 Qb6 18.Rad1 Qxb2 19.Rd2 Qxa3 20.Qg4 a5 21.Re6 Qb4 22.Kg2
Nf6 23.Qf4 Kg8 24.Bh6 Nd5 25.Qg5 Rf6 26.Rde2 Raf8 27.Bxg7 Kxg7 28.Qe5 Kg8
29.f4 Qb1 30.Rxf6 Rxf6 31.Nf3 a4 32.Ng5 {#R} 0-1

[Event "Ch Hungary (juniors) (under 20)"]
[Site "masterchessopen.com - Paks (Hungary)"]
[Round "8"]
[White "Szabo Zsolt Jozsef (HUN)"]
[Black "Sipos Janos (HUN)"]
[Result "1-0"]
[WhiteElo "2435"]
[BlackElo "2259"]

1.c4 f5 2.Nf3 Nf6 3.g3 g6 4.Bg2 Bg7 5.O-O O-O 6.Nc3 d6 7.d4 c6 8.d5 e5 9.dxe6
Bxe6 10.Bf4 Bxc4 11.Bxd6 Re8 12.Qd4 Bd5 13.Qb4 Qb6 14.Nxd5 Nxd5 15.Qc4 Qxb2
16.Ng5 h6 17.Bxd5+ cxd5 18.Qxd5+ Kh8 19.Ne6 Na6 20.Rab1 Qf6 21.Nxg7 Qxg7
22.Rxb7 Qf6 23.Rf7 Qb2 24.Ba3 Qe5 25.Qb7 Kg8 26.Bb2 Nc5 27.Rg7+ Kh8 28.Rh7+
{#r} 1-0

[Event "Ch Slovakia (team) 1997/98 (2 liga) (b)"]
[Site "masterchessopen.com - Slovakia"]
[Round "0"]
[White "Hanko Pavol (SVK)"]
[Black "Jurica Peter (SVK)"]
[Result "1-0"]
[WhiteElo "2175"]
[BlackElo "2113"]

1.d4 g6 2.Nf3 f5 3.g3 Bg7 4.Bg2 Nf6 5.O-O O-O 6.c4 d6 7.Nc3 c6 8.d5 Bd7 9.Nd4
Qe8 10.b4 e5 11.dxe6 Bxe6 12.Nxe6 Qxe6 13.Qb3 Ne4 14.Bxe4 fxe4 15.Be3 Nd7
16.Rad1 a5 17.Rxd6 a4 18.Qd1 Qxc4 19.Rxd7 Bxc3 20.Bc5 Rf7 21.Rd8+ Rxd8
22.Qxd8+ Kg7 23.Rd1 Qxe2 24.Rd7 Qd1+ {#r} 1-0